| Tag |
First Indicator |
Second Indicator |
Subfields |
| LEADER |
00000pam a2200000 a 4500 |
| 001 |
in00000077910 |
| 005 |
20151008055051.0 |
| 008 |
720928s1973 nyu 00011 engm |
| 010 |
|
|
|a 72010040
|
| 020 |
|
|
|a 0816491216
|c $6.95
|
| 035 |
|
|
|a (OCoLC)00481252
|
| 035 |
|
|
|9 AAJ2461AM
|
| 040 |
|
|
|a DLC
|c DLC
|d m.c.
|d TXA
|d UtOrBLW
|
| 041 |
1 |
|
|a eng
|a rus
|
| 049 |
|
|
|a TXAS
|c 1 [1101488]
|
| 050 |
0 |
0 |
|a PG3488.T73
|b T713
|
| 082 |
0 |
|
|a 891.7/3/44
|
| 090 |
|
|
|a PG3476.S78835
|b T713
|
| 100 |
1 |
|
|a Strugat︠s︡kiĭ, Arkadiĭ,
|d 1925-1991.
|
| 240 |
1 |
0 |
|a Trudno byt Bogom.
|l English
|
| 245 |
1 |
0 |
|a Hard to be a God /
|c Arkadi & Boris Strugatski ; [translated by Wendayne Ackerman].
|
| 264 |
|
1 |
|a New York :
|b Seabury Press,
|c [1973]
|
| 264 |
|
4 |
|c ©1973
|
| 300 |
|
|
|a 219 pages ;
|c 22 cm.
|
| 336 |
|
|
|a text
|b txt
|2 rdacontent
|
| 337 |
|
|
|a unmediated
|b n
|2 rdamedia
|
| 338 |
|
|
|a volume
|b nc
|2 rdacarrier
|
| 490 |
0 |
|
|a A Continuum book
|
| 500 |
|
|
|a Translation of: Trudno byt' Bogom. Moscow : Vsesojuznoje Objedinenije, "Mezhdunarodnaja Kniga," 1964.
|
| 500 |
|
|
|a "Series 'Science metafiction'"--Dust wrapper.
|
| 700 |
1 |
|
|a Strugat︠s︡kiĭ, Boris,
|d 1933-2012.
|
| 999 |
|
|
|a MARS
|
| 999 |
f |
f |
|s eefdba0f-abfd-37cf-a2df-da7f42707342
|i 7c479826-912f-3a4c-9512-57929cc5ea12
|t 0
|
| 952 |
f |
f |
|p noncirc
|a Texas A&M University
|b College Station
|c Cushing Memorial Library & Archives
|d Cushing: Science Fiction (Does not check out)
|t 0
|e PG3476 S78835 T713
|h Library of Congress classification
|i unmediated -- volume
|m A14806066580
|
| 998 |
f |
f |
|a PG3476 S78835 T713
|t 0
|l Cushing: Science Fiction (Does not check out)
|